Państwa na literę M - Statystyki

Ogólne statystyki
  • Ten quiz został rozwiązany 131 razy
  • Średni wynik to 13 z 17
Statystyki odpowiedzi
Państwo Kontynent Powierzchnia Liczba ludności % Poprawnych
Meksyk Ameryka Północna 1 972 550 km² 112 336 538
92%
Macedonia Północna Europa 25 713 km² 2 061 000
90%
Mołdawia Europa 33 843 km² 4 324 450
90%
Monako Europa 1,95 km² 32 796
90%
Malta Europa 316 km² 403 532
88%
Malezja Azja 329 750 km² 27 730 000
85%
Mali Afryka 1 240 192 km² 12 666 987
83%
Madagaskar Afryka 587 040 km² 20 653 556
81%
Maroko Afryka 446 550 km² 34 859 364
81%
Mongolia Azja 1 564 116 km² 2 736 800
79%
Mikronezja Australia i Oceania 702 km² 135 000
77%
Mauretania Afryka 1 030 700 km² 3 250 000
76%
Mozambik Afryka 801 590 km² 21 000 000
75%
Malediwy Azja 300 km² 396 334
72%
Mauritius Afryka 2 045 km² 1 230 602
66%
Malawi Afryka 118 480 km² 13 600 000
61%
Mjanma Azja 678 500 km² 53 414 374
61%
Nie znaleziono quizów pasujących do podanych kryteriów
Rozkład punktacji
Procent ludzi z każdym wynikiem
Percentyl według liczby udzielonych odpowiedzi
Twoja historia wyników
Nie rozwiązałeś tego quizu